[Event "Turniej Blitza na II Lidze Juniorów 2018"]
[Site "Szczyrk, Poland"]
[Date "2018.07.26"]
[Round "1.37"]
[White "Hals, Emilia"]
[Black "Krzysztynska, Anna"]
[Result "0-1"]
[TimeControl "3'+2\""]
[WhiteElo "1198"]
[BlackElo "1610"]

1. e4 {[%clk 00:03:03]} e5 {[%clk 00:03:03]} {[%emt 00:00:01]} 2. Nf3 {[%clk
00:03:04]} Nc6 {[%clk 00:03:05]} {[%emt 00:00:01]} 3. d4 {[%clk 00:03:06]} exd4
{[%clk 00:03:06]} {[%emt 00:00:01]} 4. Nxd4 {[%clk 00:03:07]} Nf6 {[%clk
00:03:05]} {[%emt 00:00:02]} 5. Nxc6 {[%clk 00:03:08]} {[%emt 00:00:01]} bxc6
{[%clk 00:03:06]} {[%emt 00:00:01]} 6. e5 {[%clk 00:03:10]} Nd5 {[%clk
00:03:06]} {[%emt 00:00:02]} 7. c4 {[%clk 00:03:11]} Nb6 {[%clk 00:03:07]} 8.
Nc3 {[%clk 00:03:12]} d6 {[%clk 00:02:58]} {[%emt 00:00:11]} 9. exd6 {[%clk
00:03:13]} {[%emt 00:00:02]} cxd6 {[%clk 00:02:57]} {[%emt 00:00:03]} 10. Be2
{[%clk 00:03:10]} {[%emt 00:00:04]} Be6 {[%clk 00:02:56]} {[%emt 00:00:03]} 11.
b3 {[%clk 00:03:11]} {[%emt 00:00:01]} Be7 {[%clk 00:02:54]} {[%emt 00:00:05]}
12. O-O {[%clk 00:03:11]} {[%emt 00:00:02]} O-O {[%clk 00:02:54]} 13. Bb2
{[%clk 00:03:13]} Bf6 {[%clk 00:02:44]} {[%emt 00:00:12]} 14. Rb1 {[%clk
00:03:12]} {[%emt 00:00:03]} Re8 {[%clk 00:02:40]} {[%emt 00:00:06]} 15. Ne4
{[%clk 00:03:08]} {[%emt 00:00:05]} Bxb2 {[%clk 00:02:39]} {[%emt 00:00:03]} 16.
Rxb2 {[%clk 00:03:10]} {[%emt 00:00:01]} d5 {[%clk 00:02:35]} {[%emt 00:00:05]}
17. cxd5 {[%clk 00:03:07]} {[%emt 00:00:05]} Bxd5 {[%clk 00:02:31]} {[%emt
00:00:05]} 18. Ng3 {[%clk 00:02:56]} {[%emt 00:00:14]} Qf6 {[%clk 00:02:23]}
{[%emt 00:00:10]} 19. Rd2 {[%clk 00:02:50]} {[%emt 00:00:08]} Nc8 {[%clk
00:02:07]} {[%emt 00:00:19]} 20. Re1 {[%clk 00:02:40]} {[%emt 00:00:11]} Nd6
{[%clk 00:02:03]} {[%emt 00:00:06]} 21. Bd3 {[%clk 00:02:25]} {[%emt 00:00:17]}
Rxe1+ {[%clk 00:01:49]} {[%emt 00:00:16]} 22. Qxe1 {[%clk 00:02:26]} Re8 {[%clk
00:01:50]} 23. Re2 {[%clk 00:02:27]} {[%emt 00:00:01]} Rxe2 {[%clk 00:01:37]}
{[%emt 00:00:15]} 24. Qxe2 {[%clk 00:02:20]} {[%emt 00:00:09]} g6 {[%clk
00:01:36]} {[%emt 00:00:03]} 25. h3 {[%clk 00:02:16]} {[%emt 00:00:05]} h5
{[%clk 00:01:04]} {[%emt 00:00:35]} 26. Ne4 {[%clk 00:02:09]} {[%emt 00:00:08]}
Nxe4 {[%clk 00:00:45]} {[%emt 00:00:22]} 27. Bxe4 {[%clk 00:02:10]} Qa1+ {[%clk
00:00:46]} {[%emt 00:00:01]} 28. Bb1 {[%clk 00:01:58]} {[%emt 00:00:14]} Qxb1+
{[%clk 00:00:41]} {[%emt 00:00:07]} 29. Kh2 {[%clk 00:01:55]} {[%emt 00:00:05]}
Qe4 {[%clk 00:00:41]} {[%emt 00:00:02]} 30. Qxe4 {[%clk 00:01:52]} {[%emt
00:00:05]} Bxe4 {[%clk 00:00:42]} 31. a3 {[%clk 00:01:52]} {[%emt 00:00:02]}
Kf8 {[%clk 00:00:42]} {[%emt 00:00:02]} 32. Kg3 {[%clk 00:01:53]} {[%emt
00:00:01]} Bc2 {[%clk 00:00:42]} {[%emt 00:00:03]} 33. b4 {[%clk 00:01:54]} Ke7
{[%clk 00:00:43]} 34. Kf4 {[%clk 00:01:55]} Kf6 {[%clk 00:00:43]} {[%emt
00:00:02]} 35. g3 {[%clk 00:01:52]} {[%emt 00:00:05]} g5+ {[%clk 00:00:35]}
{[%emt 00:00:10]} 36. Ke3 {[%clk 00:01:50]} {[%emt 00:00:04]} Bf5 {[%clk
00:00:32]} {[%emt 00:00:05]} 37. h4 {[%clk 00:01:46]} {[%emt 00:00:06]} gxh4
{[%clk 00:00:33]} {[%emt 00:00:02]} 38. gxh4 {[%clk 00:01:47]} Be6 {[%clk
00:00:33]} {[%emt 00:00:02]} 39. Kf4 {[%clk 00:01:47]} {[%emt 00:00:02]} Bc4
{[%clk 00:00:31]} {[%emt 00:00:04]} 40. Ke4 {[%clk 00:01:40]} {[%emt 00:00:08]}
a6 {[%clk 00:00:28]} {[%emt 00:00:05]} 41. Kd4 {[%clk 00:01:40]} {[%emt
00:00:02]} Bb5 {[%clk 00:00:29]} {[%emt 00:00:01]} 42. Ke4 {[%clk 00:01:41]}
{[%emt 00:00:02]} Ba4 {[%clk 00:00:28]} {[%emt 00:00:03]} 43. Kf4 {[%clk
00:01:39]} {[%emt 00:00:04]} Bc2 {[%clk 00:00:27]} {[%emt 00:00:02]} 44. f3
{[%clk 00:01:36]} {[%emt 00:00:06]} Bf5 {[%clk 00:00:25]} {[%emt 00:00:04]} 45.
a4 {[%clk 00:01:34]} {[%emt 00:00:04]} Bc2 {[%clk 00:00:23]} {[%emt 00:00:04]}
46. a5 {[%clk 00:01:35]} Bb3 {[%clk 00:00:21]} {[%emt 00:00:04]} 47. Ke4 {[%clk
00:01:35]} {[%emt 00:00:02]} Bc4 {[%clk 00:00:20]} {[%emt 00:00:04]} 48. Kf4
{[%clk 00:01:35]} {[%emt 00:00:02]} Kg6 {[%clk 00:00:21]} 49. Ke5 {[%clk
00:01:35]} {[%emt 00:00:02]} Bb5 {[%clk 00:00:20]} {[%emt 00:00:03]} 50. f4
{[%clk 00:01:34]} {[%emt 00:00:03]} Bd3 {[%clk 00:00:19]} {[%emt 00:00:03]} 51.
Kd4 {[%clk 00:01:26]} {[%emt 00:00:10]} Bb5 {[%clk 00:00:16]} {[%emt 00:00:05]}
52. Ke5 {[%clk 00:01:27]} f6+ {[%clk 00:00:17]} {[%emt 00:00:02]} 53. Ke4
{[%clk 00:01:24]} {[%emt 00:00:05]} Ba4 {[%clk 00:00:17]} {[%emt 00:00:02]} 54.
f5+ {[%clk 00:01:22]} {[%emt 00:00:04]} Kf7 {[%clk 00:00:18]} 55. Kd4 {[%clk
00:01:20]} {[%emt 00:00:04]} Ke7 {[%clk 00:00:19]} {[%emt 00:00:01]} 56. Kc5
{[%clk 00:01:19]} {[%emt 00:00:03]} Bb5 {[%clk 00:00:19]} {[%emt 00:00:03]} 57.
Kd4 {[%clk 00:01:13]} {[%emt 00:00:08]} Kd6 {[%clk 00:00:20]} {[%emt 00:00:01]}
58. Ke4 {[%emt 00:00:02]} c5 59. bxc5+ {[%clk 00:01:14]} Kxc5 {[%clk 00:00:23]}
60. Ke3 {[%clk 00:01:13]} {[%emt 00:00:03]} Kb4 {[%clk 00:00:24]} {[%emt
00:00:02]} 61. Kd4 {[%clk 00:01:14]} Kxa5 {[%emt 00:00:04]} 62. Kd5 {[%clk
00:01:15]} Kb4 {[%clk 00:00:24]} 63. Ke6 {[%clk 00:01:17]} a5 {[%clk 00:00:25]}
64. Kxf6 {[%clk 00:01:18]} {[%emt 00:00:01]} a4 {[%clk 00:00:24]} {[%emt
00:00:03]} 65. Kg6 {[%clk 00:01:17]} {[%emt 00:00:02]} Be8+ {[%clk 00:00:24]}
{[%emt 00:00:02]} 66. Kg7 {[%clk 00:01:16]} {[%emt 00:00:02]} a3 {[%clk
00:00:25]} {[%emt 00:00:02]} 67. Kf8 {[%clk 00:01:17]} Bc6 {[%clk 00:00:25]}
{[%emt 00:00:02]} 68. f6 {[%clk 00:01:18]} a2 {[%clk 00:00:24]} {[%emt
00:00:03]} 69. Kg7 {[%clk 00:01:20]} {[%emt 00:00:01]} a1=Q {[%clk 00:00:25]}
{[%emt 00:00:02]} 70. Kh6 {[%emt 00:00:03]} Qxf6+ {[%clk 00:00:24]} 71. Kxh5
{[%clk 00:01:20]} {[%emt 00:00:01]} Qf1 {[%clk 00:00:18]} {[%emt 00:00:08]} 72.
Kg5 {[%clk 00:01:20]} {[%emt 00:00:03]} Kc5 {[%clk 00:00:18]} {[%emt 00:00:02]}
73. h5 {[%clk 00:01:21]} Be4 {[%clk 00:00:17]} {[%emt 00:00:03]} 74. h6 {[%clk
00:01:21]} {[%emt 00:00:02]} Kd5 {[%clk 00:00:15]} {[%emt 00:00:04]} 75. Kg4
{[%clk 00:01:18]} {[%emt 00:00:04]} Qf3+ {[%clk 00:00:15]} {[%emt 00:00:03]} 76.
Kg5 {[%clk 00:01:19]} {[%emt 00:00:01]} Qf5 {[%clk 00:00:15]} {[%emt 00:00:02]}
77. Kh4 {[%clk 00:01:18]} {[%emt 00:00:02]} Qg6 {[%clk 00:00:16]} {[%emt
00:00:01]} 78. Kh3 {[%clk 00:01:19]} Ke5 {[%clk 00:00:17]} {[%emt 00:00:02]} 79.
Kh4 {[%clk 00:01:18]} {[%emt 00:00:03]} Kf4 {[%clk 00:00:18]} 80. Kh3 {[%clk
00:01:19]} {[%emt 00:00:01]} Qg3+ {[%clk 00:00:19]} {[%emt 00:00:01]} 0-1

[Event "Turniej Blitza na II Lidze Juniorów 2018"]
[Site "Szczyrk, Poland"]
[Date "2018.07.26"]
[Round "1.63"]
[White "Uliasz, Miroslaw"]
[Black "Piechota, Kamil"]
[Result "1-0"]
[TimeControl "3'+2\""]
[WhiteElo "1075"]
[BlackElo "1459"]

1. e4 e5 {[%emt 00:00:01]} 2. Nf3 {[%emt 00:00:01]} Nc6 {[%emt 00:00:01]} 3. d4
{[%clk 00:03:02]} {[%emt 00:00:04]} exd4 {[%clk 00:03:06]} 4. Bc4 {[%clk
00:03:02]} {[%emt 00:00:02]} Nf6 {[%clk 00:03:00]} {[%emt 00:00:08]} 5. e5
{[%clk 00:03:03]} {[%emt 00:00:01]} d5 {[%clk 00:03:01]} 6. Bb5 {[%clk
00:03:01]} {[%emt 00:00:04]} Ne4 {[%clk 00:02:53]} {[%emt 00:00:11]} 7. Bxc6+
{[%clk 00:02:35]} {[%emt 00:00:28]} bxc6 {[%clk 00:02:53]} {[%emt 00:00:01]} 8.
Nxd4 {[%clk 00:02:29]} {[%emt 00:00:08]} Bd7 {[%clk 00:02:41]} {[%emt
00:00:15]} 9. O-O {[%clk 00:02:29]} {[%emt 00:00:01]} Bc5 {[%clk 00:02:39]}
{[%emt 00:00:04]} 10. c3 {[%clk 00:02:21]} {[%emt 00:00:10]} O-O {[%clk
00:02:25]} {[%emt 00:00:17]} 11. Nd2 {[%clk 00:02:22]} Nxd2 {[%clk 00:02:15]}
{[%emt 00:00:12]} 12. Bxd2 {[%clk 00:02:20]} {[%emt 00:00:03]} f6 {[%clk
00:02:15]} {[%emt 00:00:03]} 13. exf6 {[%clk 00:02:15]} {[%emt 00:00:06]} Qxf6
{[%clk 00:02:12]} {[%emt 00:00:05]} 14. Be3 {[%clk 00:02:08]} {[%emt 00:00:09]}
Bb6 {[%emt 00:00:28]} 15. Qb3 {[%clk 00:01:35]} {[%emt 00:00:33]} Rab8 {[%clk
00:01:45]} {[%emt 00:00:05]} 16. Qa3 {[%clk 00:01:19]} {[%emt 00:00:18]} Rf7
{[%clk 00:01:24]} {[%emt 00:00:23]} 17. Rae1 {[%emt 00:00:02]} Qg6 18. b4
{[%clk 00:01:10]} {[%emt 00:00:12]} Rbf8 {[%clk 00:01:20]} {[%emt 00:00:06]} 19.
Qc1 {[%clk 00:01:04]} {[%emt 00:00:08]} Bh3 {[%clk 00:01:08]} {[%emt 00:00:15]}
20. g3 {[%clk 00:00:49]} {[%emt 00:00:17]} Bxf1 {[%clk 00:01:07]} {[%emt
00:00:02]} 21. Rxf1 {[%clk 00:00:48]} {[%emt 00:00:03]} c5 {[%clk 00:01:03]}
{[%emt 00:00:07]} 22. Nb5 {[%clk 00:00:37]} {[%emt 00:00:13]} d4 {[%clk
00:01:01]} {[%emt 00:00:04]} 23. cxd4 {[%clk 00:00:31]} {[%emt 00:00:07]} cxd4
{[%clk 00:01:03]} 24. Nxd4 {[%clk 00:00:27]} {[%emt 00:00:06]} Bxd4 {[%clk
00:00:54]} {[%emt 00:00:10]} 25. Bxd4 {[%clk 00:00:28]} Qe4 {[%clk 00:00:55]}
26. Be3 {[%clk 00:00:25]} {[%emt 00:00:07]} Re8 {[%clk 00:00:43]} {[%emt
00:00:13]} 27. a3 {[%clk 00:00:25]} {[%emt 00:00:02]} a6 {[%clk 00:00:43]}
{[%emt 00:00:02]} 28. Qc5 {[%clk 00:30:20]} {[%emt 00:00:05]} Qe5 {[%clk
00:00:41]} {[%emt 00:00:05]} 29. Qc6 {[%clk 00:00:17]} {[%emt 00:00:06]} Rf6
{[%clk 00:00:28]} {[%emt 00:00:15]} 30. Qd7 {[%clk 00:00:14]} {[%emt 00:00:04]}
Rf7 {[%clk 00:00:19]} {[%emt 00:00:11]} 31. Qc6 {[%clk 00:00:10]} {[%emt
00:00:07]} Rfe7 {[%clk 00:00:14]} {[%emt 00:00:06]} 32. Qxa6 {[%clk 00:00:07]}
{[%emt 00:00:05]} Re6 {[%clk 00:00:14]} {[%emt 00:00:02]} 33. Qc4 {[%clk
00:00:06]} {[%emt 00:00:03]} Qe4 {[%clk 00:00:11]} {[%emt 00:00:05]} 34. Qxc7
{[%clk 00:00:05]} {[%emt 00:00:04]} R6e7 {[%clk 00:00:11]} {[%emt 00:00:02]} 35.
Qc5 {[%clk 00:00:05]} {[%emt 00:00:01]} Qe5 {[%clk 00:00:08]} {[%emt 00:00:05]}
36. Qc6 {[%clk 00:00:06]} {[%emt 00:00:01]} Qf6 {[%clk 00:00:04]} {[%emt
00:00:05]} 37. Qc5 {[%clk 00:00:07]} {[%emt 00:00:03]} Re5 {[%clk 00:00:05]}
{[%emt 00:00:01]} 38. Bd4 {[%clk 00:00:07]} {[%emt 00:00:02]} Rxc5 {[%clk
00:00:05]} {[%emt 00:00:02]} 39. Bxf6 {[%clk 00:00:08]} {[%emt 00:00:01]} Rc6
{[%clk 00:00:04]} {[%emt 00:00:02]} 40. Bd4 {[%emt 00:00:02]} Ra6 {[%emt
00:00:01]} 41. Bb2 {[%clk 00:00:08]} Re2 {[%clk 00:00:07]} {[%emt 00:00:02]} 42.
Bc1 {[%clk 00:00:09]} {[%emt 00:00:01]} Kf7 {[%clk 00:00:06]} {[%emt 00:00:03]}
43. b5 {[%clk 00:00:09]} {[%emt 00:00:02]} Rb6 {[%clk 00:00:06]} {[%emt
00:00:01]} 44. a4 {[%emt 00:00:02]} Ra2 45. Be3 {[%clk 00:00:10]} {[%emt
00:00:02]} Rb7 {[%clk 00:00:08]} {[%emt 00:00:01]} 46. a5 {[%clk 00:00:07]}
{[%emt 00:00:05]} Rxa5 {[%clk 00:00:08]} {[%emt 00:00:01]} 47. b6 {[%clk
00:00:08]} Rb5 {[%clk 00:00:09]} {[%emt 00:00:01]} 48. Rd1 {[%clk 00:00:07]}
{[%emt 00:00:03]} Ke6 {[%clk 00:00:09]} {[%emt 00:00:02]} 49. Kg2 {[%clk
00:00:06]} {[%emt 00:00:03]} Rd5 {[%clk 00:00:10]} 50. Rc1 {[%clk 00:00:06]}
{[%emt 00:00:04]} Rdd7 {[%clk 00:00:10]} {[%emt 00:00:02]} 51. Rc2 {[%clk
00:00:06]} {[%emt 00:00:01]} g6 {[%clk 00:00:10]} {[%emt 00:00:03]} 52. Rc3
{[%clk 00:00:06]} {[%emt 00:00:02]} h5 {[%clk 00:00:10]} {[%emt 00:00:02]} 53.
Rc2 {[%clk 00:00:06]} {[%emt 00:00:02]} Kf5 {[%clk 00:00:11]} 54. Rc6 {[%clk
00:00:06]} {[%emt 00:00:02]} Rg7 {[%clk 00:00:04]} {[%emt 00:00:09]} 55. Rc5+
{[%clk 00:00:06]} {[%emt 00:00:03]} Ke6 {[%clk 00:00:03]} {[%emt 00:00:02]} 56.
Rc4 {[%emt 00:00:03]} Kd5 57. Rc5+ {[%emt 00:00:01]} Kd6 {[%emt 00:00:02]} 58.
Rc3 {[%clk 00:00:05]} {[%emt 00:00:03]} Rg8 {[%clk 00:00:06]} {[%emt 00:00:01]}
59. Rc4 {[%clk 00:00:05]} {[%emt 00:00:02]} Ke6 {[%clk 00:00:06]} {[%emt
00:00:01]} 60. Rc5 {[%clk 00:00:04]} {[%emt 00:00:03]} g5 {[%emt 00:00:04]} 61.
Rc6+ {[%emt 00:00:01]} Kd5 {[%clk 00:00:04]} {[%emt 00:00:02]} 62. Rh6 {[%clk
00:00:06]} h4 {[%clk 00:00:00]} {[%emt 00:00:04]} 63. gxh4 {[%emt 00:00:02]}
gxh4+ {[%emt 00:00:01]} 64. Kh3 {[%clk 00:00:06]} 1-0

[Event "Turniej Blitza na II Lidze Juniorów 2018"]
[Site "Szczyrk, Poland"]
[Date "2018.07.26"]
[Round "1.31"]
[White "Obrochta, Lena"]
[Black "Trybowska, Barbara"]
[Result "0-1"]
[TimeControl "3'+2\""]
[WhiteElo "1219"]
[BlackElo "1705"]

1. e4 {[%clk 00:03:03]} {[%emt 00:47:29]} b6 {[%clk 00:03:04]} {[%emt
00:00:01]} 2. d4 {[%clk 00:03:04]} {[%emt 00:00:02]} Bb7 {[%clk 00:03:05]} 3.
Bd3 {[%clk 00:03:05]} {[%emt 00:00:01]} e6 4. c3 c5 {[%clk 00:03:05]} {[%emt
00:00:02]} 5. Nf3 {[%clk 00:03:07]} {[%emt 00:00:02]} cxd4 {[%clk 00:03:06]}
{[%emt 00:00:01]} 6. cxd4 {[%clk 00:03:08]} Nc6 {[%clk 00:03:07]} {[%emt
00:00:01]} 7. Nc3 {[%clk 00:03:10]} {[%emt 00:00:01]} Bb4 {[%clk 00:03:07]}
{[%emt 00:00:01]} 8. Bd2 {[%clk 00:03:10]} {[%emt 00:00:02]} Nge7 {[%clk
00:03:06]} {[%emt 00:00:03]} 9. a3 {[%clk 00:03:11]} {[%emt 00:00:01]} Bxc3
{[%clk 00:03:07]} {[%emt 00:00:02]} 10. Bxc3 {[%emt 00:00:03]} O-O {[%clk
00:03:07]} 11. O-O {[%clk 00:03:15]} {[%emt 00:00:02]} Ng6 {[%clk 00:03:07]}
{[%emt 00:00:01]} 12. Bd2 {[%clk 00:03:08]} {[%emt 00:00:10]} d5 {[%clk
00:03:08]} {[%emt 00:00:01]} 13. e5 {[%clk 00:03:07]} {[%emt 00:00:03]} Nce7
{[%clk 00:03:04]} {[%emt 00:00:05]} 14. Rc1 {[%clk 00:03:05]} {[%emt 00:00:04]}
Rc8 {[%clk 00:03:04]} {[%emt 00:00:01]} 15. Bc3 {[%clk 00:03:06]} {[%emt
00:00:02]} Qe8 {[%clk 00:02:44]} {[%emt 00:00:22]} 16. h3 {[%clk 00:03:06]}
{[%emt 00:00:02]} h6 {[%clk 00:02:42]} {[%emt 00:00:03]} 17. Nh2 {[%clk
00:03:06]} {[%emt 00:00:03]} Nf4 {[%clk 00:02:42]} {[%emt 00:00:02]} 18. Qd2
{[%clk 00:03:01]} {[%emt 00:00:07]} Neg6 {[%clk 00:02:40]} {[%emt 00:00:03]} 19.
Bxg6 {[%clk 00:03:01]} {[%emt 00:00:03]} Nxg6 {[%clk 00:02:41]} 20. f4 {[%clk
00:03:01]} {[%emt 00:00:02]} Ba6 {[%clk 00:02:40]} {[%emt 00:00:03]} 21. Rf3
{[%clk 00:02:55]} {[%emt 00:00:07]} Qb5 {[%clk 00:02:34]} {[%emt 00:00:08]} 22.
f5 {[%clk 00:02:51]} {[%emt 00:00:07]} exf5 {[%clk 00:02:30]} {[%emt 00:00:06]}
23. Rxf5 {[%clk 00:02:52]} {[%emt 00:00:01]} Qd3 {[%clk 00:02:26]} {[%emt
00:00:06]} 24. Qxd3 {[%clk 00:02:48]} {[%emt 00:00:07]} Bxd3 {[%clk 00:02:26]}
{[%emt 00:00:01]} 25. Rf3 {[%clk 00:02:47]} {[%emt 00:00:02]} Be4 {[%clk
00:02:27]} {[%emt 00:00:02]} 26. Rff1 {[%clk 00:02:47]} {[%emt 00:00:02]} Rc4
{[%clk 00:02:27]} {[%emt 00:00:02]} 27. Nf3 {[%clk 00:02:42]} {[%emt 00:00:06]}
Bd3 {[%clk 00:02:16]} {[%emt 00:00:14]} 28. Rfe1 {[%clk 00:02:33]} {[%emt
00:00:11]} Nf4 {[%clk 00:02:13]} {[%emt 00:00:05]} 29. Kf2 {[%clk 00:02:29]}
{[%emt 00:00:06]} Be4 {[%clk 00:02:05]} {[%emt 00:00:10]} 30. Nd2 {[%clk
00:02:05]} {[%emt 00:00:26]} Nd3+ {[%clk 00:02:02]} {[%emt 00:00:05]} 31. Ke3
{[%clk 00:02:04]} {[%emt 00:00:03]} Nxe1 {[%clk 00:02:01]} {[%emt 00:00:02]} 32.
Nxc4 {[%clk 00:02:03]} {[%emt 00:00:04]} Nxg2+ {[%clk 00:02:01]} {[%emt
00:00:02]} 33. Kd2 {[%clk 00:01:52]} {[%emt 00:00:13]} dxc4 {[%clk 00:02:02]}
{[%emt 00:00:02]} 34. Rg1 {[%clk 00:01:50]} {[%emt 00:00:03]} Nf4 {[%clk
00:02:00]} {[%emt 00:00:03]} 35. Rg4 {[%clk 00:01:40]} {[%emt 00:00:13]} g5
{[%clk 00:02:01]} 36. h4 {[%clk 00:01:37]} {[%emt 00:00:05]} Bf5 {[%clk
00:02:02]} {[%emt 00:00:01]} 37. Rg1 {[%clk 00:01:35]} {[%emt 00:00:04]} Nh3
{[%clk 00:01:59]} {[%emt 00:00:05]} 38. Rf1 {[%clk 00:01:34]} {[%emt 00:00:04]}
Be6 {[%clk 00:01:58]} {[%emt 00:00:02]} 39. hxg5 {[%clk 00:01:31]} {[%emt
00:00:05]} Nxg5 {[%clk 00:01:59]} {[%emt 00:00:02]} 40. Ke3 {[%clk 00:01:29]}
{[%emt 00:00:03]} Kg7 {[%clk 00:01:56]} {[%emt 00:00:05]} 41. Rd1 {[%clk
00:01:27]} {[%emt 00:00:04]} Bd5 {[%clk 00:01:57]} {[%emt 00:00:01]} 42. Rf1
{[%clk 00:01:26]} {[%emt 00:00:03]} Re8 {[%clk 00:01:53]} {[%emt 00:00:06]} 43.
Rf6 {[%clk 00:01:26]} {[%emt 00:00:03]} Re6 {[%clk 00:01:52]} {[%emt 00:00:03]}
44. Rf2 {[%clk 00:01:23]} {[%emt 00:00:04]} Rg6 {[%clk 00:01:53]} {[%emt
00:00:01]} 45. Bb4 {[%clk 00:01:17]} {[%emt 00:00:08]} Ne4 {[%clk 00:01:51]}
{[%emt 00:00:04]} 46. Rf4 {[%clk 00:01:15]} {[%emt 00:00:04]} a5 {[%clk
00:01:50]} {[%emt 00:00:03]} 47. Be7 {[%clk 00:01:13]} {[%emt 00:00:04]} Rg3+
{[%clk 00:01:49]} {[%emt 00:00:04]} 48. Ke2 {[%clk 00:01:12]} {[%emt 00:00:02]}
h5 {[%clk 00:01:43]} {[%emt 00:00:08]} 49. Bh4 {[%clk 00:01:10]} {[%emt
00:00:05]} Rg4 {[%clk 00:01:43]} {[%emt 00:00:01]} 50. Bf6+ {[%clk 00:01:04]}
{[%emt 00:00:09]} Nxf6 {[%clk 00:01:43]} {[%emt 00:00:01]} 51. Rxf6 {[%clk
00:01:05]} {[%emt 00:00:01]} Rxd4 {[%clk 00:01:42]} {[%emt 00:00:03]} 52. Ke3
{[%clk 00:01:04]} {[%emt 00:00:03]} Re4+ {[%clk 00:01:42]} {[%emt 00:00:01]} 53.
Kd2 {[%clk 00:01:05]} {[%emt 00:00:01]} Rxe5 {[%clk 00:01:43]} {[%emt
00:00:01]} 54. Rxb6 {[%clk 00:01:04]} {[%emt 00:00:03]} f6 {[%clk 00:01:43]}
{[%emt 00:00:02]} 55. Ra6 {[%clk 00:01:04]} {[%emt 00:00:02]} Be4 {[%clk
00:01:43]} {[%emt 00:00:02]} 56. Ke3 {[%clk 00:01:04]} {[%emt 00:00:02]} Bb7+
{[%clk 00:01:43]} {[%emt 00:00:02]} 57. Kd4 {[%clk 00:01:04]} {[%emt 00:00:01]}
Rd5+ {[%clk 00:01:45]} {[%emt 00:00:02]} 58. Kxc4 {[%clk 00:01:04]} {[%emt
00:00:02]} Bxa6+ {[%clk 00:01:44]} {[%emt 00:00:02]} 59. Kxd5 {[%clk 00:01:05]}
{[%emt 00:00:01]} h4 {[%clk 00:01:46]} 60. b4 {[%clk 00:01:02]} {[%emt
00:00:05]} h3 {[%clk 00:01:46]} 61. bxa5 {[%clk 00:01:03]} {[%emt 00:00:02]} h2
{[%clk 00:01:46]} 62. Kc6 {[%clk 00:01:04]} {[%emt 00:00:01]} h1=Q+ {[%clk
00:01:46]} {[%emt 00:00:02]} 63. Kb6 {[%clk 00:01:05]} {[%emt 00:00:02]} Qb7+
{[%clk 00:01:46]} {[%emt 00:00:01]} 64. Kc5 {[%clk 00:01:05]} {[%emt 00:00:02]}
Qb5+ {[%clk 00:01:48]} 65. Kd6 {[%clk 00:01:06]} {[%emt 00:00:02]} Kf7 {[%clk
00:01:47]} {[%emt 00:00:03]} 66. a4 {[%clk 00:01:07]} {[%emt 00:00:01]} Qd3+
{[%clk 00:01:47]} {[%emt 00:00:01]} 67. Kc6 {[%clk 00:01:07]} {[%emt 00:00:01]}
Ke6 {[%clk 00:01:46]} {[%emt 00:00:04]} 68. Kb6 {[%clk 00:01:07]} {[%emt
00:00:03]} Kd6 {[%clk 00:01:44]} {[%emt 00:00:03]} 69. Ka7 {[%clk 00:01:06]}
{[%emt 00:00:03]} Kc7 {[%clk 00:01:44]} {[%emt 00:00:02]} 70. Ka8 {[%clk
00:01:07]} {[%emt 00:00:01]} Bb7+ {[%clk 00:01:44]} {[%emt 00:00:02]} 71. Ka7
{[%clk 00:01:07]} {[%emt 00:00:02]} Qa6# {[%clk 00:01:45]} 0-1